<?xml version="1.0" encoding="UTF-8"?>
<record
    xmlns:xsi="http://www.w3.org/2001/XMLSchema-instance"
    xsi:schemaLocation="http://www.loc.gov/MARC21/slim http://www.loc.gov/standards/marcxml/schema/MARC21slim.xsd"
    xmlns="http://www.loc.gov/MARC21/slim">

  <leader>01484nam0a2200349   4500</leader>
  <controlfield tag="001">RU\NLR\BIBL_A\011439498</controlfield>
  <controlfield tag="005">20260406150048.0</controlfield>
  <datafield tag="010" ind1=" " ind2=" ">
    <subfield code="a">978-5-17-098295-0</subfield>
    <subfield code="9">5000</subfield>
  </datafield>
  <datafield tag="021" ind1=" " ind2=" ">
    <subfield code="a">RU</subfield>
    <subfield code="b">2017-46103</subfield>
    <subfield code="9">3325</subfield>
  </datafield>
  <datafield tag="035" ind1=" " ind2=" ">
    <subfield code="a">(NLR Aleph) 011439498</subfield>
  </datafield>
  <datafield tag="035" ind1=" " ind2=" ">
    <subfield code="a">(RuMoRGB)008920055</subfield>
  </datafield>
  <datafield tag="090" ind1=" " ind2=" ">
    <subfield code="a">11693932</subfield>
    <subfield code="c">11693932</subfield>
  </datafield>
  <datafield tag="100" ind1=" " ind2=" ">
    <subfield code="a">20170714d2017    |||y0rusy50      ca</subfield>
  </datafield>
  <datafield tag="101" ind1="0" ind2=" ">
    <subfield code="a">rus</subfield>
  </datafield>
  <datafield tag="102" ind1=" " ind2=" ">
    <subfield code="a">RU</subfield>
  </datafield>
  <datafield tag="105" ind1=" " ind2=" ">
    <subfield code="a">a|||z|||000gy</subfield>
  </datafield>
  <datafield tag="200" ind1="1" ind2=" ">
    <subfield code="a">&#x411;&#x435;&#x440;&#x435;&#x433;&#x438;&#x442;&#x435; &#x438;&#x433;&#x440;&#x443;&#x448;&#x43A;&#x438;</subfield>
    <subfield code="e">[&#x441;&#x442;&#x438;&#x445;&#x438;</subfield>
    <subfield code="e">&#x441;&#x431;&#x43E;&#x440;&#x43D;&#x438;&#x43A;</subfield>
    <subfield code="e">&#x434;&#x43B;&#x44F; &#x434;&#x435;&#x442;&#x435;&#x439; &#x434;&#x43E; 3-&#x445; &#x43B;&#x435;&#x442;]</subfield>
    <subfield code="f">&#x421;. &#x41C;&#x430;&#x440;&#x448;&#x430;&#x43A;, &#x421;. &#x41C;&#x438;&#x445;&#x430;&#x43B;&#x43A;&#x43E;&#x432;...</subfield>
  </datafield>
  <datafield tag="210" ind1=" " ind2=" ">
    <subfield code="a">&#x41C;&#x43E;&#x441;&#x43A;&#x432;&#x430;</subfield>
    <subfield code="c">&#x41C;&#x430;&#x43B;&#x44B;&#x448;</subfield>
    <subfield code="c">&#x410;&#x421;&#x422;</subfield>
    <subfield code="d">cop. 2017</subfield>
  </datafield>
  <datafield tag="215" ind1=" " ind2=" ">
    <subfield code="a">62, [1] &#x441;.</subfield>
    <subfield code="c">&#x446;&#x432;. &#x438;&#x43B;.</subfield>
    <subfield code="d">17</subfield>
  </datafield>
  <datafield tag="225" ind1="1" ind2=" ">
    <subfield code="a">&#x41A;&#x43D;&#x438;&#x436;&#x43D;&#x430;&#x44F; &#x43F;&#x43E;&#x43B;&#x43A;&#x430; "&#x41C;&#x430;&#x43B;&#x44B;&#x448;&#x430;"</subfield>
  </datafield>
  <datafield tag="327" ind1="1" ind2=" ">
    <subfield code="a">&#x421;&#x43E;&#x434;&#x435;&#x440;&#x436;. &#x430;&#x432;&#x442;.: &#x418;. &#x422;&#x43E;&#x43A;&#x43C;&#x430;&#x43A;&#x43E;&#x432;&#x430;, &#x412;. &#x411;&#x435;&#x440;&#x435;&#x441;&#x442;&#x43E;&#x432;, &#x410;. &#x411;&#x430;&#x440;&#x442;&#x43E;, &#x42D;. &#x423;&#x441;&#x43F;&#x435;&#x43D;&#x441;&#x43A;&#x438;&#x439;, &#x421;. &#x41C;&#x438;&#x445;&#x430;&#x43B;&#x43A;&#x43E;&#x432;, &#x421;. &#x41C;&#x430;&#x440;&#x448;&#x430;&#x43A;, &#x414;. &#x411;&#x443;&#x440;&#x430;&#x447;&#x435;&#x432;&#x441;&#x43A;&#x430;&#x44F;</subfield>
  </datafield>
  <datafield tag="333" ind1=" " ind2=" ">
    <subfield code="a">0+</subfield>
  </datafield>
  <datafield tag="686" ind1=" " ind2=" ">
    <subfield code="a">&#x428;9(2)6=&#x420;70-5&#x44F;43</subfield>
    <subfield code="2">rubbk</subfield>
  </datafield>
  <datafield tag="686" ind1="0" ind2=" ">
    <subfield code="a">&#x428;9(2)60=&#x420;7-5&#x44F;43</subfield>
  </datafield>
  <datafield tag="700" ind1=" " ind2="1">
    <subfield code="8">rus</subfield>
    <subfield code="7">ca</subfield>
    <subfield code="a">&#x41C;&#x430;&#x440;&#x448;&#x430;&#x43A;</subfield>
    <subfield code="b">&#x421;. &#x42F;.</subfield>
    <subfield code="f">1887-1964</subfield>
    <subfield code="g">&#x421;&#x430;&#x43C;&#x443;&#x438;&#x43B; &#x42F;&#x43A;&#x43E;&#x432;&#x43B;&#x435;&#x432;&#x438;&#x447;</subfield>
    <subfield code="3">RU\NLR\AUTH\774792</subfield>
    <subfield code="9">114767</subfield>
  </datafield>
  <datafield tag="701" ind1=" " ind2="1">
    <subfield code="8">rus</subfield>
    <subfield code="7">ca</subfield>
    <subfield code="a">&#x41C;&#x438;&#x445;&#x430;&#x43B;&#x43A;&#x43E;&#x432;</subfield>
    <subfield code="b">&#x421;. &#x412;.</subfield>
    <subfield code="c">&#x43F;&#x438;&#x441;&#x430;&#x442;&#x435;&#x43B;&#x44C;</subfield>
    <subfield code="f">1913-2009</subfield>
    <subfield code="g">&#x421;&#x435;&#x440;&#x433;&#x435;&#x439; &#x412;&#x43B;&#x430;&#x434;&#x438;&#x43C;&#x438;&#x440;&#x43E;&#x432;&#x438;&#x447;</subfield>
    <subfield code="3">RU\NLR\AUTH\7792</subfield>
    <subfield code="9">110194</subfield>
  </datafield>
  <datafield tag="942" ind1=" " ind2=" ">
    <subfield code="c">BOOK</subfield>
  </datafield>
  <datafield tag="980" ind1=" " ind2=" ">
    <subfield code="a">NBR</subfield>
  </datafield>
  <datafield tag="980" ind1=" " ind2=" ">
    <subfield code="a">NB</subfield>
  </datafield>
</record>
